1304 1042 1445 1037 1021 1090 1349 1025 1921 1234 1103 1337 1783 1962 1793 1809 1539 1718 1606 1370 1392 1715 1801 1577 1014 1517 1635 1981 1224 1956 1351 1113 1615 1874 1586 1849 1705 1720 1304 1226 1108 1437 1596 1160 1360 1837 1881 1602 1782 1717 1719 1345 1129 1929 1362 1753 1899 1213 1608 1315 1490 1681 1102 1866 1758 1251 1148 1901 1661 1711 1985 1494 1654 1377 1080 1230 1845 1941 1193 1831 1389 1428 1678 1815 1158 1361 1990 1025 1562 1905 1095 1213 1046 1887 1961 1190 1799 1886 1947 BCNSPRNW ULIB Ver.6.0+V

เปลี่ยนเป็นภาษาไทย

Change to English
 แสดงรายละเอียดบรรณานุกรม
  กลับหน้าหลัก

Brief Record : Get Marc (ISO 2709) : E-mail record : QR code < ปิดหน้าต่าง
LEADER : 00000nam 2200000uu 4500
001    13399126231
003     ULIB
008    180824s2560||||th 000 0 tha d
020    ^a9786163981776
060 04 ^aWW140^bร924
110 1  ^aมหาวิทยาลัยเชียงใหม่. ^bคณะแพทยศาสตร์. ^bภาควิชาจักษุวิทยา
245 00 ^aโรคตาที่พบบ่อยในเวชปฏิบัติ :^bฉบับปรับปรุง พ.ศ. 2556 /^cบรรณาธิการ,สมสงวน อัษญคุณ ... [และคนอื่นๆ]
250    ^aพิมพ์ครั้งที่ 3(ฉบับปรับปรุง พ.ศ. 2560)
260    ^aเชียงใหม่ :^bภาควิชาจักษุวิทยา คณะแพทยศาสตร์ มหาวิทยาลัยเชียงใหม่,^c2560
300    ^axviii, 340 หน้า :^bภาพประกอบสี ;^c27 ซม.
650  4 ^aตา, โรค
650  4 ^aจักษุวิทยา
700 0  ^aสมสงวน อัษญคุณ,^eบรรณาธิการ
700 0  ^aประภัสสร ผาติกุลศิลา,^eบรรณาธิการ
700 0  ^aนภาพร ตนานุวัฒน์,^eบรรณาธิการ
700 0  ^aดิเรก ผาติกุลศิลา,^eบรรณาธิการ
700 0  ^aเกษรา พัฒนพิฑูรย์,^eบรรณาธิการ
945    ^p900^l0^i004298
945    ^p900^l0^i004297
945    ^p900^l0^i004299
999    ^aประนอม เกษจรัล
รายการนี้ยังไม่มีแท็ก
คุณยังไม่ได้ล็อกอิน คุณสามารถมีกิจกรรมร่วมกับเว็บไซต์ได้ แต่ต้องล็อกอินก่อน ::
  ล็อกอิน

รายการสื่อสารสนเทศ

ลำดับที่ ประเภท เลขเรียก/บาร์โค้ด สถานที่ สถานะ
1. วิทยาศาสตร์การแพทย์ และสุขภาพ
หนังสือสำรอง
สถานะ=หนังสือสำรอง
WW140 ร924 ฉ.1 
  Barcode: 004297
ห้องสมุดวิทยาเขตสวรรค์ประชารักษ์
►หนังสือทั่วไป
บนชั้น
2. วิทยาศาสตร์การแพทย์ และสุขภาพ
วิทยาศาสตร์การแพทย์ และสุขภาพ
WW140 ร924 ฉ.2 
  Barcode: 004298
ห้องสมุดวิทยาเขตสวรรค์ประชารักษ์
►หนังสือทั่วไป
บนชั้น
3. วิทยาศาสตร์การแพทย์ และสุขภาพ
วิทยาศาสตร์การแพทย์ และสุขภาพ
WW140 ร924 ฉ.3 
  Barcode: 004299
ห้องสมุดวิทยาเขตสวรรค์ประชารักษ์
►หนังสือทั่วไป
บนชั้น

รายการใกล้เคียง
    หัวเรื่อง [ตา, โรค]
    หัวเรื่อง [จักษุวิทยา]

BibComment


ยังไม่เคยถูกคอมเมนท์

คอมเมนท์ทรัพยากรรายการนี้
  คอมเมนท์: โรคตาที่พบบ่อยใน..


 Copyright 2026. Bcnsprnw @Library